[Event "World Cities-ch 2nd"]
[Site "Shenyang"]
[Date "1999.10.08"]
[Round "8"]
[White "Liang Chong"]
[Black "Zhang Zhong"]
[Result "0-1"]
[WhiteElo "2412"]
[BlackElo "2541"]

1.d4 g6 2.e4 Bg7 3.Nf3 d6 4.c4 Nf6 5.Nc3 O-O 6.Be2 Na6 7.O-O e5 8.Re1 c6
9.Bf1 Bg4 10.d5 c5 11.a3 Kh8 12.Rb1 Ng8 13.h3 Bd7 14.b4 Bh6 15.Bxh6 Nxh6
16.Qd2 Kg7 17.Nb5 Qe7 18.Ng5 Rfd8 19.Rb3 f6 20.Nf3 Nf7 21.Nc3 Rdc8 22.Nh2 b6
23.Ra1 Nc7 24.g3 Ne8 25.b5 Kh8 26.a4 Rab8 27.a5 Rb7 28.Bg2 Ng7 29.Rba3 Rf8
30.axb6 axb6 31.Ra7 Bc8 32.Rxb7 Bxb7 33.Ng4 f5 34.Nh6 f4 35.Nxf7+ Rxf7 36.h4 g5
37.hxg5 Qxg5 38.Ne2 h6 39.f3 Nh5 40.Bh3 Rg7 41.Bg4 Nf6 42.Bf5 Qh4 43.Kg2 Nh5
44.g4 Ng3 45.Qe1 Nxf5 46.Nc3 Qf6 47.exf5 Qxf5 48.Ne4 h5 49.Qh4 Bc8 50.Rh1 Qh7
51.Qd8+ Rg8 52.Qf6+  0-1

[Event "Tatry op"]
[Site "Tatranska Lomnica"]
[Date "1999.10.08"]
[Round "7"]
[White "Krak, Tomas"]
[Black "Csala, Jan"]
[Result "1-0"]
[WhiteElo "2076"]
[BlackElo "2202"]

1.Nf3 Nf6 2.c4 g6 3.Nc3 Bg7 4.e4 d6 5.d4 O-O 6.Be2 e5 7.O-O Nbd7 8.Re1 c6
9.Bf1 a5 10.Rb1 Re8 11.b3 exd4 12.Nxd4 Nc5 13.f3 Ne6 14.Be3 Nh5 15.Qd2 Qf6
16.Nce2 Qe7 17.Rbd1 Bf8 18.Nxe6 fxe6 19.Bg5 Qf7 20.e5 d5 21.Qe3 Ng7 22.g4 c5
23.Qd3 Bd7 24.Nc3 d4 25.Ne4 Bc6 26.Nf6+ Kh8 27.Nxe8 Nxe8 28.Bg2 Nc7 29.Rf1 b5
30.Rde1 Qd7 31.f4 Bxg2 32.Kxg2 Qc6+ 33.Kg1 a4 34.Re2 axb3 35.axb3 Bg7 36.f5 bxc4
37.bxc4 gxf5 38.gxf5 exf5 39.Qxf5 Qe6 40.Qd3 Na6 41.Bf6 Rg8 42.Rg2 Bxf6 43.exf6 Rxg2+
44.Kxg2 Qg8+ 45.Qg3 Qxg3+ 46.Kxg3 Kg8 47.Kf4 Kf7 48.Kf5 d3 49.Ra1  1-0

[Event "Seeburg op 1st"]
[Site "Lucern"]
[Date "1999.10.09"]
[Round "2"]
[White "Gheorghiu, Florin"]
[Black "Roelli, Raphael"]
[Result "1-0"]
[WhiteElo "2450"]
[BlackElo "2089"]

1.d4 Nf6 2.Nf3 g6 3.c4 Bg7 4.Nc3 O-O 5.e4 d6 6.Be2 e5 7.Be3 Ng4 8.Bg5 f6
9.Bh4 Qd7 10.d5 a5 11.Nd2 Nh6 12.f3 f5 13.Bd3 f4 14.Bf2 Qe7 15.Qe2 g5 16.h3 Nd7
17.O-O-O Nf6 18.b3 Nf7 19.Kb2 Bd7 20.a3 c6 21.b4 b5 22.dxc6 bxc4 23.Nxc4 axb4
24.axb4 Bxc6 25.Nb6 Rab8 26.b5 d5 27.bxc6 d4 28.Na4 Rfc8 29.Qc2 Nd7 30.cxd7 Rxc2+
31.Kxc2 Rxb6 32.Nxb6 Qb4 33.Nd5 Qa4+ 34.Kd2 Bf8 35.Ra1 Bb4+ 36.Ke2  1-0

[Event "Asia-chT"]
[Site "Shenyang"]
[Date "1999.10.13"]
[Round "5"]
[White "Sashikiran, Krishnan"]
[Black "Antonio, Rogelio Jr"]
[Result "1-0"]
[WhiteElo "2536"]
[BlackElo "2558"]

1.d4 Nf6 2.c4 g6 3.Nc3 Bg7 4.e4 d6 5.Nf3 O-O 6.Be2 e5 7.Be3 Ng4 8.Bg5 f6
9.Bh4 Nc6 10.d5 Ne7 11.Nd2 h5 12.O-O c5 13.Rb1 b6 14.b4 Bd7 15.a3 Kh8 16.Rb3 a6
17.Re1 Qc8 18.Nf1 Nh6 19.f3 Neg8 20.bxc5 bxc5 21.Rb6 Qc7 22.Qb3 Bb5 23.Rxd6 Qxd6
24.cxb5 axb5 25.Nxb5 Qd7 26.Bf2 Rfb8 27.a4 Bf8 28.Nd2 Nf7 29.Qc2 Ne7 30.Nb3 Nc8
31.Nxc5 Bxc5 32.Bxc5 Nb6 33.Bxb6 Rxb6 34.Rc1 Rb7 35.h3 Kg7 36.Kh2 Nd8 37.Qd1 h4
38.Rc5 Nf7 39.Qc2 Nd8 40.Bd1 Rab8 41.Be2 Ra8 42.Qc4 g5 43.Bd3 Kg6 44.Bc2 Nf7
45.Rc6 Qd8 46.Bb3 Qa5 47.Qe2 Qb4 48.Bc2 Qb2 49.f4 Qc1 50.f5+ Kg7 51.Nc7 Rxc7
52.Rxc7 Qf4+ 53.Kg1 Qc1+ 54.Qf1 Qb2 55.a5  1-0

[Event "Wichern op 5th"]
[Site "Hamburg"]
[Date "1999.10.15"]
[Round "1"]
[White "Zierott, Jan"]
[Black "Bruemmel, Arend"]
[Result "1-0"]
[WhiteElo "1653"]
[BlackElo "2145"]

1.c4 Nf6 2.Nc3 g6 3.d4 Bg7 4.e4 d6 5.Be2 O-O 6.Nf3 e5 7.d5 a5 8.O-O Na6 9.Ne1 Nc5
10.Qc2 Bd7 11.b3 c6 12.Be3 Qc7 13.f3 Rfc8 14.Nd3 cxd5 15.Nxc5 dxc5 16.cxd5 Ne8
17.Nb5 Qb6 18.Qc4 Bf8 19.Rac1 Nd6 20.Nxd6 Bxd6 21.f4 Qc7 22.f5 b5 23.Qd3 gxf5
24.exf5 f6 25.Qe4 a4 26.Qg4+ Kh8 27.Qh4 Qd8 28.Rf3 Qe7 29.Rg3 axb3 30.axb3 Rg8
31.Rxg8+ Rxg8 32.Ra1 Qg7 33.g3 Bxf5 34.Bxb5 Bc8 35.Rc1 Qe7 36.Bh6 e4 37.Bf4 Bg4
38.Bxd6 Qxd6 39.Re1 f5 40.Bc4  1-0

[Event "Wichern op 5th"]
[Site "Hamburg"]
[Date "1999.10.15"]
[Round "1"]
[White "Batyrow, Sapar"]
[Black "Schulze, Joachim"]
[Result "1-0"]
[WhiteElo "2481"]
[BlackElo "2031"]

1.d4 Nf6 2.Nf3 g6 3.c4 Bg7 4.Nc3 O-O 5.e4 d6 6.Be2 Nbd7 7.O-O e5 8.d5 Ne8
9.Bg5 f6 10.Bh4 Kh8 11.Rc1 Bh6 12.Rc2 Qe7 13.Ne1 Qg7 14.Nd3 f5 15.f3 Be3+
16.Bf2 Bxf2+ 17.Nxf2 f4 18.b4 Ndf6 19.c5 g5 20.g4 fxg3 21.hxg3 h5 22.Kg2 h4
23.g4 Kh7 24.Qd2 Ng8 25.Nh3 Kh6 26.Nd1 Ne7 27.Ne3 Ng6 28.Nf5+ Bxf5 29.Qxg5+ Kh7
30.Qh5+ Kg8 31.exf5 Nf4+ 32.Nxf4 exf4 33.Qxh4 Rxf5 34.Bd3 Rg5 35.Re1 Nf6
36.Re7 Rxg4+ 37.Qxg4  1-0

[Event "EU-ch U20 Girls"]
[Site "Patras"]
[Date "1999.10.15"]
[Round "10"]
[White "Radziewicz, Iweta"]
[Black "Zozulia, Anna"]
[Result "1/2-1/2"]
[WhiteElo "2395"]
[BlackElo "2353"]

1.d4 Nf6 2.c4 g6 3.Nc3 Bg7 4.e4 d6 5.Nf3 O-O 6.Be2 Na6 7.O-O e5 8.Re1 exd4
9.Nxd4 Nc5 10.Bf3 Nfd7 11.Be3 a5 12.Nb3 Re8 13.Nxc5 Nxc5 14.Qc2 Be6 15.Rad1 Nd7
16.Be2 Qc8 17.Nb5 Nc5 18.Bf3 Bd7 19.Bf4 Be5 20.Bc1 Ne6 21.Bg4 Nd4 22.Nxd4 Bxg4
23.f3 Bd7 24.Bg5 Bg7 25.Qd2 Be6 26.b3 a4 27.h3 axb3 28.axb3 Ra6 29.f4 h6
30.Bh4 Bd7 31.Re2 Qa8 32.Kh1 Ra1 33.Bf2 Rxd1+ 34.Qxd1 b5 35.Nxb5 Bxb5 36.cxb5 Rxe4
37.Rxe4 Qxe4 38.Qc1 Qd3 39.Qc4 Qd2 40.Bg1 Qc3 41.Kh2 Kf8 42.Qd5 Qb4 43.Qa8+ Ke7
44.Qb7 Qxf4+ 45.Kh1 d5 46.b6 Be5 47.bxc7 Bxc7 48.b4 d4 49.b5 Qd6 50.Qe4+ Qe5
51.Qxd4 Qxb5 52.Qe3+ Qe5 53.Qxh6 Qe1 54.Qg5+ Kf8 55.Qc5+ Qe7 56.Qd5 Kg8 57.Qa8+ Qd8
58.Qxd8+  1/2-1/2

[Event "GRE-GER m"]
[Site "Corfu"]
[Date "1999.10.16"]
[Round "5"]
[White "Gabriel, Christian"]
[Black "Grivas, Efstratios"]
[Result "1-0"]
[WhiteElo "2578"]
[BlackElo "2514"]

1.d4 Nf6 2.c4 g6 3.Nc3 Bg7 4.e4 d6 5.Nf3 O-O 6.Be2 e5 7.d5 a5 8.Nd2 Na6 9.h4 c6
10.h5 Nc5 11.g4 a4 12.f3 Bd7 13.Ndb1 Qb6 14.Qd2 Rfc8 15.Na3 Qa5 16.Kf1 Rab8
17.Qe1 Qd8 18.Kg2 cxd5 19.cxd5 Ne8 20.Nab5 f5 21.hxg6 hxg6 22.gxf5 gxf5 23.exf5 Bxf5
24.Qg3 b6 25.Bg5 Qd7 26.Rag1 Nd3 27.Kf1 Nf4 28.Bxf4 exf4 29.Qxf4 a3 30.Nxa3 Rb7
31.Rh5 Bh7 32.Qh6 Qf5  1-0

[Event "Wichern op 5th"]
[Site "Hamburg"]
[Date "1999.10.16"]
[Round "2"]
[White "Deglmann, Ludwig"]
[Black "Link, Oliver"]
[Result "1-0"]
[WhiteElo "2327"]
[BlackElo "2105"]

1.Nf3 g6 2.d4 Bg7 3.c4 d6 4.Nc3 Nf6 5.e4 O-O 6.Be2 e5 7.O-O exd4 8.Nxd4 Re8
9.f3 Nc6 10.Be3 Nh5 11.f4 Nf6 12.Nxc6 bxc6 13.Bf3 Bb7 14.Re1 c5 15.Bf2 Nd7
16.e5 Bxf3 17.Qxf3 dxe5 18.Rad1 Qc8 19.Qc6 Nf8 20.Nd5 Ne6 21.fxe5 Rb8 22.b3 Qb7
23.Qxb7 Rxb7 24.Nf6+ Bxf6 25.exf6 Rbb8 26.Rd5 c6 27.Rd6 Rbc8 28.Re5 Red8
29.Bxc5 Rxd6 30.Bxd6 Rd8 31.c5 h5 32.Kf2 Kh7 33.h4 Rd7 34.Ke3 Rb7 35.b4 Kg8
36.Re4 a6 37.Kd3 Kh7 38.Kc4 Kg8 39.Re3 Kh7 40.a4 Kh6 41.Rxe6 fxe6 42.Be7  1-0

[Event "EU-ch U20 Girls"]
[Site "Patras"]
[Date "1999.10.16"]
[Round "11"]
[White "Radziewicz, Iweta"]
[Black "Polovnikova, Ekaterina"]
[Result "1/2-1/2"]
[WhiteElo "2395"]
[BlackElo "2299"]

1.Nf3 Nf6 2.c4 g6 3.Nc3 Bg7 4.e4 d6 5.d4 O-O 6.Be2 e5 7.d5 Na6 8.h3 Nc5 9.Qc2 a5
10.Bg5 h6 11.Be3 Qe7 12.Nd2 Bd7 13.Nb3 Ne8 14.Nxc5 dxc5 15.Qd2 Kh7 16.g4 b6
17.f3 Nd6 18.h4 f5 19.h5 f4 20.hxg6+ Kxg6 21.Bf2 Bf6 22.Bd3 Bg5 23.O-O-O Kg7
24.Kb1 Rh8 25.Rh2 Rh7 26.Rdh1 Rah8 27.Be1 Qf7 28.Qg2 h5 29.gxh5 Rxh5 30.Rxh5 Rxh5
31.Nd1 Qg6 32.Rg1 Bh3 33.Qc2 Bd7 34.Bc3 Nf7 35.b3 Rh3 36.Be2 Rg3 37.Rh1 Bf6
38.Nb2 Bh3 39.Be1 Rg1 40.Rxg1 Qxg1 41.Qd1 Bg2 42.Nd3 Kg6 43.Nf2 Bh4 44.Nd3 Bxe1
45.Nxe1 Kg5 46.Kb2 Kh4 47.Ka3 Kg3 48.Ka4 Nd6 49.Qd2 Qe3 50.Qc2 Bh3 51.Nd3 Qd4
52.Qc1 Kh4 53.Qh1 b5+ 54.Kxa5 bxc4 55.Bf1  1/2-1/2

[Event "EU-ch U20 Girls"]
[Site "Patras"]
[Date "1999.10.16"]
[Round "11"]
[White "Nill, Jessica"]
[Black "Kucypera, Anna"]
[Result "1-0"]
[WhiteElo "2168"]
[BlackElo "2218"]

1.d4 Nf6 2.c4 g6 3.Nc3 Bg7 4.e4 d6 5.Nf3 O-O 6.Be2 Na6 7.O-O e5 8.Be3 Ng4
9.Bg5 f6 10.Bd2 exd4 11.Nxd4 f5 12.Nc2 Nf6 13.exf5 Bxf5 14.Bg5 Qd7 15.Ne3 Nc5
16.Bxf6 Bxf6 17.Nxf5 gxf5 18.Qd5+ Kh8 19.Rad1 Bxc3 20.bxc3 Qg7 21.Bd3 Rae8
22.Qd4 Re7 23.Bb1 Re5 24.Rde1 Ne6 25.Qd2 Rg8 26.g3 Qg4 27.Rxe5 dxe5 28.Qd5 Ng5
29.Qxe5+ Rg7 30.Qxf5 Qxc4 31.h4 Nf7 32.Re1 Nd6 33.Qf8+ Qg8 34.Qxg8+ Kxg8
35.Kg2 Nb5 36.Re3 Rd7 37.Bc2 Kf8 38.Ba4 c6 39.Bxb5 cxb5 40.Re5 a6 41.g4 Rd2
42.Rc5 Rxa2 43.Rc8+ Kg7 44.Rc7+ Kg6 45.Rxb7 Rc2 46.Rb6+ Kg7 47.Rxa6 Rxc3
48.Rb6 Rc4 49.Kg3 b4 50.h5 h6 51.f3 Rd4 52.Kf2 Rc4 53.Rb5 Rd4 54.Ke3 Rc4
55.f4 Kh7 56.Rb7+ Kg8 57.Kf3 Rd4 58.g5 hxg5 59.fxg5 Rc4 60.h6 Kh8 61.g6 Rc8
62.Rxb4 Rd8 63.Kf4 Rc8 64.Rd4 Rb8 65.Ke5 Ra8 66.Rd6 Rb8 67.Kf6 Rc8 68.Ke7  1-0

[Event "Aars get2net Cup IM"]
[Site "Aars"]
[Date "1999.10.17"]
[Round "2"]
[White "Christensen, Bent"]
[Black "Bekker Jensen, David"]
[Result "0-1"]
[WhiteElo "2113"]
[BlackElo "2264"]

1.d4 Nf6 2.c4 g6 3.Nc3 Bg7 4.e4 d6 5.Nf3 O-O 6.Be2 Na6 7.O-O e5 8.Be3 c6
9.dxe5 dxe5 10.Qxd8 Rxd8 11.Rad1 Re8 12.h3 Bf8 13.Kh2 Nc5 14.Nd2 a5 15.f3 a4
16.Ndb1 Ne6 17.g3 Bg7 18.Rd2 Nd4 19.Bd1 Be6 20.Na3 Bf8 21.Bxd4 exd4 22.Rxd4 Bc5
23.Rd2 Bxa3 24.bxa3 Bxc4 25.Rff2 b5 26.Rd6 Re6 27.Rxe6 Bxe6 28.Rd2 Kf8 29.Be2 Ke7
30.g4 g5 31.Kg3 h5 32.Kf2 Rh8 33.Kg2 Nd7 34.Bf1 Ne5 35.Rd1 hxg4 36.hxg4 Rh4
37.Rd2 Rh2+  0-1

[Event "Wichern op 5th"]
[Site "Hamburg"]
[Date "1999.10.17"]
[Round "3"]
[White "Wronn, Bernd"]
[Black "Larsen, Steen Skovlund"]
[Result "0-1"]
[WhiteElo "2157"]
[BlackElo "2310"]

1.Nf3 Nf6 2.c4 g6 3.Nc3 Bg7 4.e4 d6 5.Be2 O-O 6.d4 Na6 7.O-O e5 8.dxe5 dxe5
9.Qxd8 Rxd8 10.Bg5 Re8 11.Nd2 c6 12.a3 Nc5 13.b4 Ne6 14.Be3 Nd4 15.Bd1 Ng4
16.Bxg4 Bxg4 17.Ra2 Be6 18.Rb2 Red8 19.Re1 Bf8 20.Bg5 Rd7 21.Bf6 Bg7 22.Bxg7 Kxg7
23.c5 f6 24.f3 Bf7 25.Nf1 Rad8 26.Kf2 Ne6 27.g3 Rd3 28.Re3 R3d7 29.Ree2 Nd4
30.Red2 Nb3 31.Rxd7 Rxd7 32.Ne2 Rd3 33.Ne3 Nd4 34.a4 Nb3 35.Rb1 Rd2 36.Ke1 Ra2
37.Nc3 Rxh2 38.Ne2 Nd4 39.Nxd4 exd4 40.Nf1 Rh1 41.Rc1 Be6 42.g4 h5 43.gxh5 Bh3
44.Kf2 Rxf1+ 45.Rxf1 Bxf1 46.h6+ Kxh6 47.Kxf1 Kg5 48.b5 Kf4 49.a5 a6 50.bxa6 bxa6
51.Ke2 g5 52.Kd3 Kxf3 53.Kxd4 Kf4  0-1

[Event "Wichern op 5th"]
[Site "Hamburg"]
[Date "1999.10.17"]
[Round "4"]
[White "Ftacnik, Lubomir"]
[Black "Lugovoi, Aleksei"]
[Result "1/2-1/2"]
[WhiteElo "2589"]
[BlackElo "2509"]

1.d4 Nf6 2.Nf3 g6 3.c4 Bg7 4.Nc3 O-O 5.e4 d6 6.Be2 e5 7.O-O Qe8 8.d5 a5 9.Ne1 Na6
10.Nd3 Nd7 11.Be3 Ndc5 12.Nxc5 Nxc5 13.Bxc5 dxc5 14.d6 Qc6 15.dxc7 Qxc7 16.Nd5 Qd8
17.Qb3 a4 18.Qe3 Qa5 19.Rfd1 Be6 20.Qd2 Qd8 21.Qe3 Qa5 22.Qc3 Qd8 23.b4 axb3
24.Qxb3 Ra7 25.Qb5 Qa5 26.a4 h5 27.Qxa5 Rxa5 28.Rdb1 Rfa8 29.Nc7 R8a7 30.Nxe6 fxe6
31.g4 Rxa4 32.Rxa4 Rxa4 33.Rxb7 Ra2 34.Bf3 Bf6 35.gxh5 gxh5 36.Bxh5 Bh4 37.Bg4 Bxf2+
38.Kf1 Bd4 39.Bxe6+ Kh8 40.h3 Rf2+ 41.Ke1 Rg2 42.Kd1 Rh2 43.Bf5 Kg8  1/2-1/2

[Event "Zuglo Hotel op 3rd"]
[Site "Budapest"]
[Date "1999.10.18"]
[Round "3"]
[White "Wiley, Tom E"]
[Black "Resika, Nathan A"]
[Result "1-0"]
[WhiteElo "2302"]
[BlackElo "2251"]

1.d4 Nf6 2.c4 g6 3.Nc3 Bg7 4.e4 d6 5.Nf3 O-O 6.Be2 e5 7.O-O c6 8.d5 Na6 9.Nd2 Ne8
10.a3 f5 11.b4 Nf6 12.f3 Nh5 13.g3 Nc7 14.Nb3 cxd5 15.cxd5 Ne8 16.Bd2 Nef6
17.Rf2 Bd7 18.Na5 fxe4 19.fxe4 Rc8 20.Kg2 Qb6 21.Rf1 Qd4 22.Nb3 Qb6 23.Rc1 Rc7
24.Bd3 Bg4 25.Be2 Bd7 26.Be1 Qe3 27.Bd2 Qb6 28.Qe1 Rcc8 29.Bd3 Ng4 30.h3 Rxf1
31.Bxf1 Ngf6 32.Be3 Qd8 33.Nd2 b6 34.Nb5 Bxb5 35.Bxb5 Rc7 36.Rc6 Rxc6 37.Bxc6 Qf8
38.a4 Bh6  1-0

[Event "Wichern op 5th"]
[Site "Hamburg"]
[Date "1999.10.18"]
[Round "5"]
[White "Volzhin, Alexander"]
[Black "Jirovsky, Petr"]
[Result "1/2-1/2"]
[WhiteElo "2569"]
[BlackElo "2351"]

1.d4 Nf6 2.c4 g6 3.Nc3 Bg7 4.e4 d6 5.Nf3 O-O 6.Be2 e5 7.d5 Nbd7 8.Be3 a5
9.Nd2 Ne8 10.g4 Nc5 11.h4 f5 12.gxf5 gxf5 13.exf5 Bxf5 14.Bxc5 dxc5 15.Nde4 Nd6
16.Bd3 Bxe4 17.Nxe4 Nxe4 18.Bxe4 Qf6 19.Qe2 Bh6 20.f3 Kh8 21.Kd1  1/2-1/2

[Event "Wichern op 5th"]
[Site "Hamburg"]
[Date "1999.10.18"]
[Round "5"]
[White "Bahr, Peter"]
[Black "Schulz, Wolfgang"]
[Result "0-1"]
[WhiteElo "1946"]
[BlackElo "2120"]

1.d4 d6 2.c4 g6 3.Nc3 Bg7 4.e4 Nf6 5.Be2 O-O 6.Nf3 e5 7.O-O Na6 8.d5 Nc5
9.Bg5 a5 10.Nd2 h6 11.Be3 Ne8 12.f3 Bd7 13.b3 f5 14.a3 f4 15.Bf2 Na6 16.Rb1 Rf7
17.b4 axb4 18.axb4 Bf8 19.Qc2 g5 20.Rfc1 h5 21.Qd1 Rg7 22.Kf1 g4 23.Ke1 g3
24.hxg3 fxg3 25.Bg1 h4 26.Nf1 Be7 27.Rc2 Bg5 28.Ne3 Bf4 29.Bf1 Qg5 30.Qd3 Nf6
31.Ra2 Rf8 32.Rbb2 Nh5 33.Nf5 Bxf5 34.exf5 Bc1 35.Ne4 Qxf5 36.Rb3 h3 37.gxh3 Nf4
38.Qd1 g2 39.Nf2 gxf1=Q+ 40.Kxf1 Nxh3 41.Bh2 Nxf2 42.Kxf2 Qh3 43.Ke1 Qh4+
44.Kf1 Qxc4+  0-1

[Event "Qingdao Daily Cup"]
[Site "Qingdao"]
[Date "1999.10.18"]
[Round "1"]
[White "Wu Wenjin"]
[Black "Iuldachev, Saidali"]
[Result "1/2-1/2"]
[WhiteElo "2435"]
[BlackElo "2491"]

1.Nf3 Nf6 2.c4 g6 3.Nc3 Bg7 4.d4 O-O 5.e4 d6 6.Be2 e5 7.dxe5 dxe5 8.Qxd8 Rxd8
9.Bg5 c6 10.Nxe5 Re8 11.O-O-O Na6 12.Rd6 Be6 13.Nd3 Bf8 14.Rxe6 Rxe6 15.Nf4 Rxe4
16.g3 Rxe2 17.Nfxe2 Ng4 18.Ne4 Nc5 19.N2c3 f5 20.f3 Ne5 21.Nd2 Re8 22.Kc2 Nf7
23.Bf6  1/2-1/2

[Event "Wichern op 5th"]
[Site "Hamburg"]
[Date "1999.10.19"]
[Round "6"]
[White "Deglmann, Ludwig"]
[Black "Heinrich, Matthias"]
[Result "1-0"]
[WhiteElo "2327"]
[BlackElo "2163"]

1.d4 Nf6 2.Nf3 g6 3.c4 Bg7 4.Nc3 O-O 5.e4 d6 6.Be2 e5 7.O-O exd4 8.Nxd4 Re8
9.f3 Nc6 10.Be3 Nh5 11.f4 Nf6 12.Nxc6 bxc6 13.Bf3 Rb8 14.Rf2 c5 15.e5 Nd7
16.Rd2 f6 17.exd6 cxd6 18.Bf2 Bh6 19.g3 Ne5 20.fxe5 Bxd2 21.Qxd2 fxe5 22.Be3 Be6
23.b3 Qb6 24.Nd5  1-0

[Event "ARM-ch"]
[Site "Yerevan"]
[Date "1999.10.19"]
[Round "4"]
[White "Lputian, Smbat G"]
[Black "Nalbandian, Tigran"]
[Result "0-1"]
[WhiteElo "2625"]
[BlackElo "2445"]

1.d4 Nf6 2.c4 g6 3.Nc3 Bg7 4.e4 d6 5.Nf3 O-O 6.Be2 e5 7.O-O Na6 8.Be3 Qe8
9.dxe5 dxe5 10.Nd2 Nd7 11.a3 Nac5 12.b4 Ne6 13.c5 Nd4 14.Bc4 Nf6 15.Nb3 Be6
16.Nd5 Bxd5 17.exd5 Rd8 18.Nxd4 Nxd5 19.Bg5 Ne7 20.Nb5 Rxd1 21.Raxd1 Nc6
22.Nxc7 Qc8 23.Nd5 Qg4 24.f4 exf4 25.Bxf4 Nd4 26.h3 Qh4 27.Bd6 Re8 28.Nf4 Nf5
29.Bd5 Be5 30.Bxe5 Rxe5 31.Ba2 Ne3 32.Nd3 Qe4  0-1

[Event "VAM Hoogeveen op"]
[Site "Hoogeveen"]
[Date "1999.10.20"]
[Round "6"]
[White "Gofshtein, Leonid D"]
[Black "Kasimdzhanov, Rustam"]
[Result "0-1"]
[WhiteElo "2507"]
[BlackElo "2603"]

1.d4 Nf6 2.c4 g6 3.Nc3 Bg7 4.e4 d6 5.Nf3 O-O 6.Be2 e5 7.Be3 Ng4 8.Bg5 f6
9.Bh4 g5 10.Bg3 Nh6 11.d5 f5 12.exf5 g4 13.Nd2 Bxf5 14.Nde4 Nd7 15.Bd3 Kh8
16.O-O a5 17.Qe1 Bg6 18.Qe2 Qe7 19.a3 a4 20.Rad1 Nb6 21.Rfe1 Rad8 22.Rb1 Ra8
23.Qd1 Rg8 24.b4 axb3 25.Qxb3 Nf5 26.c5 dxc5 27.d6 Nxd6 28.Nxc5 Bxd3 29.Nxd3 Nbc4
30.Ra1 b5 31.Ra2 c6 32.a4 h5 33.Rae2 bxa4 34.Nxa4 Ra5 35.Nac5 Qf7 36.Qc2 h4
37.Nxe5 Nxe5 38.Bxe5 Bxe5 39.Rxe5 Ra2 40.Rh5+ Qxh5 41.Qxa2 Qxc5 42.Qe6 Nf5
43.Re5 Qd6  0-1

[Event "Qingdao Daily Cup"]
[Site "Qingdao"]
[Date "1999.10.20"]
[Round "6"]
[White "Wu Wenjin"]
[Black "Wang Shuo"]
[Result "1-0"]
[WhiteElo "2435"]
[BlackElo "2411"]

1.Nf3 Nf6 2.c4 g6 3.Nc3 Bg7 4.e4 d6 5.d4 O-O 6.Be2 Nbd7 7.O-O e5 8.Re1 exd4
9.Nxd4 Re8 10.Bf1 Nc5 11.f3 Ne6 12.Be3 Nxd4 13.Bxd4 Nd7 14.Bxg7 Kxg7 15.Qd4+ Qf6
16.Qd2 Ne5 17.Nd5 Qd8 18.Qc3 f6 19.Rad1 Be6 20.c5 c6 21.Ne3 d5 22.exd5 cxd5
23.Bb5 Rf8 24.Nc4 Nxc4 25.Rxe6 Ne5 26.Rd6 Qc7 27.R1xd5 Rad8 28.Rxe5 fxe5
29.Qxe5+ Kg8 30.Bc4+ Rf7 31.Bxf7+  1-0

[Event "Wichern op 5th"]
[Site "Hamburg"]
[Date "1999.10.21"]
[Round "8"]
[White "Kahlert, Thomas"]
[Black "Schoengart, Ralf"]
[Result "1-0"]
[WhiteElo "2259"]
[BlackElo "2092"]

1.c4 Nf6 2.Nc3 g6 3.e4 d6 4.d4 Bg7 5.Be2 O-O 6.Nf3 Nbd7 7.O-O e5 8.Be3 a6
9.Qc2 h6 10.dxe5 Nxe5 11.Nxe5 dxe5 12.Rfd1 Qe7 13.Nd5 Nxd5 14.cxd5 b6 15.Rac1 Ra7
16.Qd2 Kh7 17.d6 cxd6 18.Qxd6 Be6 19.Bxb6 Qxd6 20.Rxd6 Raa8 21.h4 Rfb8 22.b3 a5
23.Rc7 a4 24.Bc4 axb3 25.axb3 Bxc4 26.bxc4 Bf8 27.Rf6 Kg8 28.c5 Ra4 29.f3 Rc4
30.Rfxf7 Bxc5+ 31.Bxc5 Rb1+ 32.Kh2 Rxc5 33.Rg7+ Kf8 34.Rcf7+ Ke8 35.Ra7 Kf8
36.Rxg6 Rcc1 37.Rxh6 Rh1+ 38.Kg3 Kg8 39.Re6 Rbg1 40.Re8+  1-0

[Event "Wichern op 5th"]
[Site "Hamburg"]
[Date "1999.10.21"]
[Round "8"]
[White "Kempinski, Robert"]
[Black "Heinrich, Matthias"]
[Result "1-0"]
[WhiteElo "2549"]
[BlackElo "2163"]

1.d4 Nf6 2.c4 g6 3.Nc3 Bg7 4.Nf3 d6 5.e4 O-O 6.Be2 e5 7.d5 a5 8.h3 Na6 9.Bg5 Qe8
10.Nd2 Nd7 11.g4 Ndc5 12.Rg1 Kh8 13.a3 f5 14.b4 f4 15.bxc5 h6 16.cxd6 cxd6
17.Nb5 Qd7 18.Bh4 g5 19.Nf3 Bf6 20.Bxg5 hxg5 21.h4 Qe7 22.hxg5 Bxg5 23.Nxg5 Qxg5
24.Nxd6 f3 25.Bxf3 Qf4 26.Nf5  1-0

[Event "Aars get2net Cup GM"]
[Site "Aars"]
[Date "1999.10.22"]
[Round "7"]
[White "Fyllingen, Roy Harald"]
[Black "Bekker Jensen, Simon"]
[Result "1-0"]
[WhiteElo "2410"]
[BlackElo "2436"]

1.d4 Nf6 2.c4 g6 3.Nc3 Bg7 4.e4 d6 5.Nf3 O-O 6.Be2 Na6 7.O-O e5 8.Be3 Ng4
9.Bg5 Qe8 10.dxe5 dxe5 11.Nd2 f6 12.Bh4 Nh6 13.Nb3 c6 14.c5 Nc7 15.Na5 Ne6
16.b4 Nf7 17.Bc4 Qe7 18.Qa4 Nd4 19.Rad1 Kh8 20.f4 b5 21.cxb6 axb6 22.Bxf7 Qxf7
23.fxe5 bxa5 24.Rxd4 Qa7 25.Bf2 fxe5 26.Rd8 Qa6 27.Rxf8+ Bxf8 28.bxa5 Be6
29.Bb6 Qc4 30.Qxc4 Bxc4 31.Rf6 Bb4 32.Rxc6 Bd3 33.Kf2 Bxc3 34.Rxc3 Bxe4 35.Re3 Bb1
36.Rxe5 Bxa2 37.Re7 Kg8 38.Ke3 h5 39.Kf4 Kf8 40.Rc7 Bd5 41.g3 Re8 42.Bc5+ Kg8
43.a6 Re2 44.h4 Re4+ 45.Kg5 Rg4+ 46.Kh6 Rxg3 47.Rg7+ Kh8 48.Bd4 Rg4 49.Bf6  1-0

[Event "Aars get2net Cup GM"]
[Site "Aars"]
[Date "1999.10.23"]
[Round "8"]
[White "Fyllingen, Roy Harald"]
[Black "Mortensen, Erling"]
[Result "0-1"]
[WhiteElo "2410"]
[BlackElo "2445"]

1.d4 Nf6 2.c4 g6 3.Nc3 Bg7 4.e4 d6 5.Be2 O-O 6.Nf3 Nbd7 7.O-O e5 8.Be3 c6
9.d5 Ng4 10.Bg5 f6 11.Bh4 Qe7 12.Ne1 Nh6 13.Nd3 c5 14.Nb5 Nb6 15.b4 Nxc4
16.Nxc5 Nb6 17.Ne6 Bxe6 18.dxe6 Rad8 19.Qb3 d5 20.f3 a6 21.Bf2 d4 22.Nc7 Kh8
23.Rac1 Rc8 24.Nxa6 bxa6 25.Bxa6 Rxc1 26.Rxc1 f5 27.Rc6 fxe4 28.Rxb6 Qg5
29.Be2 exf3 30.Bxf3 e4 31.h4 Qc1+ 32.Qd1 Qc7 33.Bxe4 Qxb6 34.e7 Rc8 35.Qc2 Qe6
36.Bd5 Qd7 37.Qe4 Re8 38.Bxd4 Qxe7 39.Bxg7+ Kxg7 40.Qxe7+ Rxe7 41.b5 Ng4
42.g3 Nf6 43.Bb3 Nd7 44.Kf2 Nc5 45.Bd5 Kf6 46.Kf3 Ke5 47.Bc4 Ra7 48.Bg8 h5
49.Bc4 Kd4 50.Bg8 Rg7  0-1

[Event "ARM-ch"]
[Site "Yerevan"]
[Date "1999.10.23"]
[Round "8"]
[White "Nadanian, Ashot"]
[Black "Matikozian, Andranik"]
[Result "1-0"]
[WhiteElo "2410"]
[BlackElo "2427"]

1.d4 Nf6 2.c4 g6 3.Nc3 Bg7 4.Nf3 d6 5.e4 O-O 6.Be2 e5 7.O-O exd4 8.Nxd4 Re8
9.f3 Nc6 10.Be3 Nh5 11.Qd2 f5 12.Nxc6 bxc6 13.c5 Qe7 14.cxd6 cxd6 15.Bd4 fxe4
16.fxe4 Nf6 17.Rad1 Be6 18.Qg5 Rf8 19.e5 dxe5 20.Qxe5 Nd5 21.Nxd5 cxd5 22.Qe3 Rxf1+
23.Bxf1 Bxd4 24.Rxd4 Qd6 25.Rf4 Bf5 26.h4 Be4 27.Bc4 Re8 28.Bb3 Kh8 29.Qd4+ Qe5
30.Qf2 Bf5 31.g4 Be4 32.g5 Bf5 33.Qd4 Be4 34.Rf8+ Kg7 35.Qxe5+ Rxe5 36.Ra8 Re7
37.Rd8 Rb7 38.Kh2 Kf7 39.Rd6 Ke7 40.Rc6 Kd7 41.Rf6 Ke7 42.Kg3 Rb6 43.Rxb6 axb6
44.Kf4 Kd6 45.Ba4 Kc5 46.Be8 Kd6 47.a3 Ke7 48.Bb5 Kd6 49.b4 Bb1 50.a4 Bc2
51.a5 bxa5 52.bxa5 Kc5 53.a6 Kb6 54.Ke5 Bd1 55.Bd3 Bf3 56.Kd4 Ka7 57.Bb5 Kb6
58.a7 Kxa7 59.Bc6 Kb6 60.Bxd5 Bd1 61.Bg8 Kc7 62.Ke5 Kd7 63.Kf6  1-0

[Event "Wch U18 Girls"]
[Site "Oropesa del Mar"]
[Date "1999.10.26"]
[Round "3"]
[White "Klipper, Rebecca"]
[Black "Gomez Cabrero, Lopez Rafael"]
[Result "1-0"]
[WhiteElo "2015"]
[BlackElo "2166"]

1.d4 Nf6 2.Nf3 g6 3.c4 Bg7 4.Nc3 O-O 5.e4 d6 6.Be2 Na6 7.O-O e5 8.dxe5 dxe5
9.Be3 Qe7 10.a3 c6 11.b4 b6 12.c5 Rd8 13.Qc2 b5 14.Rad1 Bb7 15.Rxd8+ Rxd8
16.Rd1 Nc7 17.Rxd8+ Qxd8 18.Nxe5 Qe7 19.Nf3 Ng4 20.Bg5 Qe6 21.h3 Ne5 22.Bf4 Ne8
23.Nxe5 Bxe5 24.Bxe5 Qxe5 25.Qd2 Nf6 26.f4 Qe8 27.e5 Nd5 28.Ne4 Qe7 29.Nd6 h5
30.Bf3 a6 31.Bxd5 cxd5 32.Nxb7 Qxb7 33.Qd4 Qd7 34.Qc3 Qc6 35.Kf2 Kf8 36.g4 hxg4
37.hxg4 Ke7 38.Ke3 Kd7 39.Kd4 Qe6 40.Qf3 Kc6 41.f5 gxf5 42.Qxf5  1-0

[Event "Wch U14"]
[Site "Oropesa del Mar"]
[Date "1999.10.31"]
[Round "7"]
[White "Evdokimov, Alexander A"]
[Black "Moradiabadi, A."]
[Result "0-1"]
[WhiteElo "2291"]
[BlackElo "2094"]

1.d4 Nf6 2.c4 g6 3.Nc3 Bg7 4.e4 d6 5.Nf3 O-O 6.Be2 Na6 7.O-O e5 8.Be3 Ng4
9.Bg5 f6 10.Bc1 Nh6 11.Rb1 c6 12.b4 Nc7 13.Qb3 Nf7 14.Rd1 Qe7 15.Be3 Be6
16.d5 cxd5 17.cxd5 Bd7 18.Ne1 f5 19.f3 Bh6 20.Bf2 Ng5 21.Nd3 Ne8 22.exf5 Bxf5
23.h4 Nf7 24.g4 e4 25.fxe4 Bxe4 26.Re1 Bxd3 27.Bxd3 Ne5 28.Ne4 Nf3+ 29.Kg2 Nxe1+
30.Rxe1 Qf7 31.Be2 Bf4 32.g5 Be5 33.Bg4 Ng7 34.Bg3 Bxg3 35.Nf6+ Kh8 36.Qxg3 Ne8
37.Be6 Qg7 38.Nd7 Qb2+ 39.Kg1 Qd4+ 40.Kg2 Rf4 41.a3 Ng7 42.Nf6 Rf8 43.Bg4 Ne8
44.Rd1 Qc4 45.Kh3 Nxf6 46.gxf6 R4xf6 47.Rd3 Qc1 48.Qg2 Rf2  0-1

[Event "Wch U18 Girls"]
[Site "Oropesa del Mar"]
[Date "1999.11.01"]
[Round "8"]
[White "Javakhishvili, Lela"]
[Black "Aarthie, R."]
[Result "1/2-1/2"]
[WhiteElo "2181"]
[BlackElo "2141"]

1.d4 Nf6 2.Nf3 g6 3.c4 Bg7 4.Nc3 O-O 5.e4 d6 6.Be2 e5 7.Be3 Nc6 8.O-O h6
9.h3 Re8 10.dxe5 dxe5 11.Qxd8 Rxd8 12.Rfd1 Be6 13.Nb5 Rdc8 14.Nd2 a6 15.Nc3 Nd4
16.Bd3 c5 17.Nd5  1/2-1/2

[Event "Extraliga CZE"]
[Site "Ostrava CZE"]
[Date "1999.11.01"]
[Round "2"]
[White "Neumann,P"]
[Black "Firt,S"]
[Result "1/2-1/2"]
[WhiteElo "2384"]
[BlackElo "2336"]

1.d4 Nf6 2.c4 g6 3.Nc3 Bg7 4.e4 d6 5.Nf3 O-O 6.Be2 e5 7.Be3 Ng4 8.Bg5 f6
9.Bc1 Nh6 10.O-O Nf7 11.d5 f5 12.Ne1 Nd7 13.Nd3 Nf6 14.f3 f4 15.g4 h5 16.h3 Nh7
17.Kg2 Bf6 18.Bd2  1/2-1/2